Mexico : Financial System Stability Assessment.

This paper discusses the findings and recommendations made in the Financial System Stability Assessment for Mexico. Mexico's economic fundamentals are strong. The medium-term outlook for the Mexican economy foresees steady growth underpinned by strong macroeconomic policies, broad reform initia...

Description complète

Détails bibliographiques
Collectivité auteur: International Monetary Fund. Monetary and Capital Markets Department
Format: Revue
Langue:English
Publié: Washington, D.C. : International Monetary Fund, 2016.
Collection:IMF Staff Country Reports; Country Report ; No. 2016/361
Accès en ligne:Full text available on IMF
LEADER 01818cas a2200241 a 4500
001 AALejournalIMF017253
008 230101c9999 xx r poo 0 0eng d
020 |c 5.00 USD 
020 |z 9781475556384 
022 |a 1934-7685 
040 |a BD-DhAAL  |c BD-DhAAL 
110 2 |a International Monetary Fund.  |b Monetary and Capital Markets Department. 
245 1 0 |a Mexico :   |b Financial System Stability Assessment. 
264 1 |a Washington, D.C. :  |b International Monetary Fund,  |c 2016. 
300 |a 1 online resource (58 pages) 
490 1 |a IMF Staff Country Reports 
500 |a <strong>Off-Campus Access:</strong> No User ID or Password Required 
500 |a <strong>On-Campus Access:</strong> No User ID or Password Required 
506 |a Electronic access restricted to authorized BRAC University faculty, staff and students 
520 3 |a This paper discusses the findings and recommendations made in the Financial System Stability Assessment for Mexico. Mexico's economic fundamentals are strong. The medium-term outlook for the Mexican economy foresees steady growth underpinned by strong macroeconomic policies, broad reform initiatives, and relatively strong balance sheets. Key risks are external and include a U.S. growth slowdown, lower oil prices, and volatility in global financial markets. The financial system is broadly resilient, notwithstanding some weaknesses under certain adverse shocks. The solvency and liquidity stress tests of the banking system indicate that it can withstand severe adverse macro-financial shocks despite large capital losses in some cases. 
538 |a Mode of access: Internet 
830 0 |a IMF Staff Country Reports; Country Report ;  |v No. 2016/361 
856 4 0 |z Full text available on IMF  |u http://elibrary.imf.org/view/journals/002/2016/361/002.2016.issue-361-en.xml  |z IMF e-Library